[Event "DVM U12 2024"]
[Site "Heidelberg GER"]
[Date "2024.12.27"]
[Round "1"]
[White "Dilger, Ludwig"]
[Black "Gersemann, Karl"]
[Result "0-1"]
[Termination "normal"]
[Board "7.1"]
[WhiteElo "1615"]
[BlackElo "2012"]
[WhiteClock "00:44:24"]
[BlackClock "01:18:01"]
[WhiteTeam "SK Bebenhausen 1992"]
[BlackTeam "TSG Oberschöneweide"]
[PlyCount "124"]
[WhiteFideId "34647805"]
[BlackFideId "34602186"]
[EventCountry "GER"]
[EventRounds "7"]
[EventType "team-swiss"]
[EventDate "2024.12.26"]

1. f4 {[%clk 01:30:57]} {[%emt 00:00:02]} d5 {[%clk 01:30:52]} {[%emt
00:00:08]} 2. Nf3 {[%clk 01:31:05]} {[%emt 00:00:22]} Nf6 {[%clk 01:31:09]}
{[%emt 00:00:12]} 3. e3 {[%clk 01:31:12]} {[%emt 00:00:25]} e6 {[%clk
01:31:22]} {[%emt 00:00:15]} 4. b3 {[%clk 01:31:02]} {[%emt 00:00:42]} Nbd7
{[%clk 01:31:30]} {[%emt 00:00:20]} 5. Bb2 {[%clk 01:30:09]} {[%emt 00:01:23]}
Be7 {[%clk 01:31:44]} {[%emt 00:00:15]} 6. Be2 {[%clk 01:27:07]} {[%emt
00:03:33]} O-O {[%clk 01:30:22]} {[%emt 00:01:51]} 7. O-O {[%clk 01:27:16]}
{[%emt 00:00:22]} Ne4 {[%clk 01:29:40]} {[%emt 00:01:10]} 8. d3 {[%clk
01:20:19]} {[%emt 00:07:28]} Bf6 {[%clk 01:29:33]} {[%emt 00:00:37]} 9. c3
{[%clk 01:19:56]} {[%emt 00:00:54]} Nd6 {[%clk 01:29:29]} {[%emt 00:00:31]} 10.
Qc2 {[%clk 01:15:00]} {[%emt 00:05:28]} e5 {[%clk 01:24:14]} {[%emt 00:05:44]}
11. fxe5 {[%clk 01:10:17]} {[%emt 00:05:13]} Nxe5 {[%clk 01:24:37]} {[%emt
00:00:07]} 12. Nxe5 {[%clk 01:01:55]} {[%emt 00:08:53]} Bxe5 {[%clk 01:24:49]}
{[%emt 00:00:17]} 13. d4 {[%clk 01:00:38]} {[%emt 00:01:49]} Bf6 {[%clk
01:20:05]} {[%emt 00:05:14]} 14. Bd3 {[%clk 00:55:19]} {[%emt 00:05:49]} h6
{[%clk 01:19:36]} {[%emt 00:00:58]} 15. Nd2 {[%clk 00:55:10]} {[%emt 00:00:40]}
Bg5 {[%clk 01:19:05]} {[%emt 00:00:59]} 16. Rae1 {[%clk 00:52:13]} {[%emt
00:03:27]} Re8 {[%clk 01:19:17]} {[%emt 00:00:17]} 17. c4 {[%clk 00:43:49]}
{[%emt 00:08:56]} Bxe3+ {[%clk 01:18:24]} {[%emt 00:01:22]} 18. Kh1 {[%clk
00:44:07]} {[%emt 00:00:13]} Bxd2 {[%clk 01:17:22]} {[%emt 00:01:32]} 19. Qxd2
{[%clk 00:44:19]} {[%emt 00:00:17]} Rxe1 {[%clk 01:15:50]} {[%emt 00:02:03]}
20. Rxe1 {[%clk 00:44:22]} {[%emt 00:00:28]} Be6 {[%clk 01:15:31]} {[%emt
00:00:47]} 21. c5 {[%clk 00:41:33]} {[%emt 00:03:20]} Ne8 {[%clk 01:15:49]}
{[%emt 00:00:10]} 22. Qf4 {[%clk 00:40:26]} {[%emt 00:01:38]} Qf6 {[%clk
01:14:48]} {[%emt 00:01:29]} 23. Qxf6 {[%clk 00:40:25]} {[%emt 00:00:33]} Nxf6
{[%clk 01:15:08]} {[%emt 00:00:09]} 24. Bc1 {[%clk 00:40:32]} {[%emt 00:00:25]}
b6 {[%clk 01:14:19]} {[%emt 00:01:18]} 25. Ba3 {[%clk 00:40:30]} {[%emt
00:00:33]} c6 {[%clk 01:10:53]} {[%emt 00:03:56]} 26. Ba6 {[%clk 00:40:21]}
{[%emt 00:00:41]} Rb8 {[%clk 01:10:46]} {[%emt 00:00:34]} 27. Bb4 {[%clk
00:39:39]} {[%emt 00:01:13]} Ne4 {[%clk 01:08:03]} {[%emt 00:03:13]} 28. Bd3
{[%clk 00:38:19]} {[%emt 00:01:51]} Nf2+ {[%clk 01:08:31]} {[%emt 00:00:02]}
29. Kg1 {[%clk 00:38:27]} {[%emt 00:00:22]} Nxd3 {[%clk 01:08:56]} {[%emt
00:00:05]} 30. cxb6 {[%clk 00:37:59]} {[%emt 00:00:59]} Nxb4 {[%clk 01:08:41]}
{[%emt 00:00:45]} 31. bxa7 {[%clk 00:38:10]} {[%emt 00:00:19]} Ra8 {[%clk
01:09:04]} {[%emt 00:00:06]} 32. Re2 {[%clk 00:38:12]} {[%emt 00:00:28]} Rxa7
{[%clk 01:09:27]} {[%emt 00:00:07]} 33. a4 {[%clk 00:38:29]} {[%emt 00:00:13]}
c5 {[%clk 01:09:26]} {[%emt 00:00:30]} 34. dxc5 {[%clk 00:38:45]} {[%emt
00:00:15]} Rc7 {[%clk 01:09:47]} {[%emt 00:00:08]} 35. Rd2 {[%clk 00:39:01]}
{[%emt 00:00:15]} Rxc5 {[%clk 01:10:07]} {[%emt 00:00:09]} 36. Rd4 {[%clk
00:39:07]} {[%emt 00:00:25]} Nc6 {[%clk 01:10:26]} {[%emt 00:00:10]} 37. Rd1
{[%clk 00:39:05]} {[%emt 00:00:33]} Rc3 {[%clk 01:10:36]} {[%emt 00:00:20]} 38.
Rb1 {[%clk 00:39:23]} {[%emt 00:00:12]} Nb4 {[%clk 01:10:49]} {[%emt 00:00:16]}
39. Kf2 {[%clk 00:39:41]} {[%emt 00:00:12]} d4 {[%clk 01:11:09]} {[%emt
00:00:11]} 40. Rd1 {[%clk 00:39:59]} {[%emt 00:00:12]} d3 {[%clk 01:11:28]}
{[%emt 00:00:10]} 41. Ke3 {[%clk 00:40:18]} {[%emt 00:00:11]} Rxb3 {[%clk
01:11:46]} {[%emt 00:00:13]} 42. a5 {[%clk 00:40:25]} {[%emt 00:00:24]} Ra3
{[%clk 01:11:32]} {[%emt 00:00:43]} 43. a6 {[%clk 00:40:45]} {[%emt 00:00:11]}
Rxa6 {[%clk 01:11:52]} {[%emt 00:00:09]} 44. g3 {[%clk 00:41:06]} {[%emt
00:00:08]} Nc2+ {[%clk 01:12:08]} {[%emt 00:00:14]} 45. Kxd3 {[%clk 00:41:06]}
{[%emt 00:00:31]} Rd6+ {[%clk 01:12:31]} {[%emt 00:00:08]} 46. Kxc2 {[%clk
00:41:16]} {[%emt 00:00:20]} Bb3+ {[%clk 01:12:57]} {[%emt 00:00:04]} 47. Kxb3
{[%clk 00:41:19]} {[%emt 00:00:27]} Rxd1 {[%clk 01:13:18]} {[%emt 00:00:09]}
48. Kc3 {[%clk 00:41:40]} {[%emt 00:00:09]} Rh1 {[%clk 01:13:41]} {[%emt
00:00:06]} 49. h4 {[%clk 00:41:54]} {[%emt 00:00:16]} Rh3 {[%clk 01:14:03]}
{[%emt 00:00:09]} 50. Kd2 {[%clk 00:42:19]} {[%emt 00:00:05]} Rxg3 {[%clk
01:14:27]} {[%emt 00:00:06]} 51. Ke2 {[%clk 00:42:37]} {[%emt 00:00:12]} f5
{[%clk 01:14:49]} {[%emt 00:00:07]} 52. Kf2 {[%clk 00:42:59]} {[%emt 00:00:09]}
f4 {[%clk 01:15:15]} {[%emt 00:00:04]} 53. h5 {[%clk 00:43:19]} {[%emt
00:00:10]} Kf7 {[%clk 01:15:33]} {[%emt 00:00:11]} 54. Ke2 {[%clk 00:43:40]}
{[%emt 00:00:10]} Re3+ {[%clk 01:15:55]} {[%emt 00:00:08]} 55. Kf2 {[%clk
00:43:58]} {[%emt 00:00:12]} Kf6 {[%clk 01:16:19]} {[%emt 00:00:06]} 56. Kg2
{[%clk 00:44:21]} {[%emt 00:00:07]} Kf5 {[%clk 01:16:44]} {[%emt 00:00:05]} 57.
Kf2 {[%clk 00:44:35]} {[%emt 00:00:16]} Kg4 {[%clk 01:16:54]} {[%emt 00:00:20]}
58. Kg2 {[%clk 00:44:57]} {[%emt 00:00:08]} Re2+ {[%clk 01:17:17]} {[%emt
00:00:07]} 59. Kf1 {[%clk 00:45:13]} {[%emt 00:00:14]} Kf3 {[%clk 01:17:25]}
{[%emt 00:00:22]} 60. Kg1 {[%clk 00:45:30]} {[%emt 00:00:13]} Re1+ {[%clk
01:17:44]} {[%emt 00:00:11]} 61. Kh2 {[%clk 00:44:04]} {[%emt 00:02:41]} Rf1
{[%clk 01:18:07]} {[%emt 00:00:07]} 62. Kh3 {[%clk 00:44:24]} {[%emt 00:00:09]}
Rh1 {[%clk 01:18:01]} {[%emt 00:00:06]} 0-1

[Event "DVM U12 2024"]
[Site "Heidelberg GER"]
[Date "2024.12.27"]
[Round "1"]
[White "Berger, Friedrich Richard"]
[Black "Mi Plaza, Luis Leo Manuel"]
[Result "1-0"]
[Termination "normal"]
[Board "7.2"]
[WhiteElo "1658"]
[BlackElo "1702"]
[WhiteClock "00:58:42"]
[BlackClock "00:37:48"]
[WhiteTeam "TSG Oberschöneweide"]
[BlackTeam "SK Bebenhausen 1992"]
[PlyCount "109"]
[WhiteFideId "34663169"]
[BlackFideId "34647783"]
[EventCountry "GER"]
[EventRounds "7"]
[EventType "team-swiss"]
[EventDate "2024.12.26"]

1. e4 {[%clk 01:30:51]} {[%emt 00:00:08]} c5 {[%clk 01:30:45]} {[%emt
00:00:16]} 2. d4 {[%clk 01:30:26]} {[%emt 00:00:55]} cxd4 {[%clk 01:30:30]}
{[%emt 00:00:45]} 3. c3 {[%clk 01:30:31]} {[%emt 00:00:25]} Nf6 {[%clk
01:30:37]} {[%emt 00:00:22]} 4. e5 {[%clk 01:29:45]} {[%emt 00:01:17]} Nd5
{[%clk 01:29:49]} {[%emt 00:01:17]} 5. Qxd4 {[%clk 01:26:05]} {[%emt 00:04:10]}
e6 {[%clk 01:28:43]} {[%emt 00:01:36]} 6. Nf3 {[%clk 01:24:49]} {[%emt
00:01:46]} Nc6 {[%clk 01:25:55]} {[%emt 00:03:19]} 7. Qe4 {[%clk 01:24:27]}
{[%emt 00:00:51]} f6 {[%clk 01:22:48]} {[%emt 00:03:37]} 8. Bc4 {[%clk
01:16:48]} {[%emt 00:08:09]} f5 {[%clk 01:17:14]} {[%emt 00:06:04]} 9. Qe2
{[%clk 01:14:13]} {[%emt 00:03:04]} Nb6 {[%clk 01:13:18]} {[%emt 00:04:28]} 10.
Bb3 {[%clk 01:12:37]} {[%emt 00:02:07]} d6 {[%clk 01:08:43]} {[%emt 00:05:05]}
11. exd6 {[%clk 01:08:19]} {[%emt 00:04:47]} Qxd6 {[%clk 01:08:52]} {[%emt
00:00:22]} 12. O-O {[%clk 01:04:09]} {[%emt 00:04:40]} e5 {[%clk 01:02:18]}
{[%emt 00:07:04]} 13. Bf4 {[%clk 01:01:24]} {[%emt 00:03:13]} Nd7 {[%clk
00:59:56]} {[%emt 00:02:53]} 14. Re1 {[%clk 00:59:58]} {[%emt 00:01:56]} g6
{[%clk 00:54:16]} {[%emt 00:06:11]} 15. Nxe5 {[%clk 00:57:06]} {[%emt
00:03:22]} Ndxe5 {[%clk 00:53:16]} {[%emt 00:01:29]} 16. Bxe5 {[%clk 00:57:14]}
{[%emt 00:00:22]} Nxe5 {[%clk 00:53:09]} {[%emt 00:00:37]} 17. Qxe5+ {[%clk
00:56:36]} {[%emt 00:01:08]} Qxe5 {[%clk 00:53:17]} {[%emt 00:00:23]} 18. Rxe5+
{[%clk 00:57:02]} {[%emt 00:00:03]} Kd7 {[%clk 00:51:30]} {[%emt 00:02:17]} 19.
Nd2 {[%emt 00:05:54]} Bd6 {[%clk 00:47:53]} 20. Re2 {[%clk 00:53:57]} {[%emt
00:02:16]} b6 {[%clk 00:45:52]} {[%emt 00:02:33]} 21. Bd5 {[%clk 00:52:14]}
{[%emt 00:02:11]} Rb8 {[%clk 00:44:40]} {[%emt 00:01:43]} 22. Nc4 {[%clk
00:51:49]} {[%emt 00:00:55]} Ba6 {[%clk 00:41:03]} {[%emt 00:04:07]} 23. Rd2
{[%clk 00:49:43]} {[%emt 00:02:36]} Bf4 {[%clk 00:39:15]} {[%emt 00:02:18]} 24.
Rd4 {[%clk 00:48:36]} {[%emt 00:01:36]} Bxc4 {[%clk 00:36:19]} {[%emt
00:03:28]} 25. Bxc4+ {[%clk 00:48:52]} {[%emt 00:00:13]} Bd6 {[%clk 00:36:18]}
{[%emt 00:00:31]} 26. Rad1 {[%clk 00:49:07]} {[%emt 00:00:14]} b5 {[%emt
00:01:49]} 27. Rxd6+ {[%clk 00:49:26]} {[%emt 00:00:09]} Kc7 {[%clk 00:34:57]}
{[%emt 00:00:36]} 28. Bf1 {[%clk 00:49:21]} {[%emt 00:00:33]} Rhd8 {[%clk
00:34:07]} {[%emt 00:01:23]} 29. Rxd8 {[%clk 00:49:46]} {[%emt 00:00:05]} Rxd8
{[%clk 00:34:26]} {[%emt 00:00:11]} 30. Rxd8 {[%clk 00:50:14]} {[%emt
00:00:01]} Kxd8 {[%emt 00:00:19]} 31. Bxb5 {[%clk 00:50:38]} {[%emt 00:00:04]}
h6 {[%clk 00:34:49]} {[%emt 00:00:19]} 32. f4 {[%clk 00:50:56]} {[%emt
00:00:12]} g5 {[%clk 00:34:54]} {[%emt 00:00:25]} 33. fxg5 {[%clk 00:51:20]}
{[%emt 00:00:06]} hxg5 {[%clk 00:35:10]} {[%emt 00:00:14]} 34. Kf2 {[%clk
00:51:48]} {[%emt 00:00:01]} Kc7 {[%clk 00:35:21]} {[%emt 00:00:20]} 35. Bd3
{[%clk 00:52:12]} {[%emt 00:00:05]} f4 {[%clk 00:35:28]} {[%emt 00:00:23]} 36.
Kf3 {[%clk 00:52:40]} {[%emt 00:00:02]} a5 {[%clk 00:35:01]} {[%emt 00:00:58]}
37. Kg4 {[%clk 00:53:03]} {[%emt 00:00:07]} f3 {[%clk 00:35:18]} {[%emt
00:00:12]} 38. gxf3 {[%clk 00:53:25]} {[%emt 00:00:08]} a4 {[%clk 00:35:39]}
{[%emt 00:00:10]} 39. Kxg5 {[%clk 00:53:49]} {[%emt 00:00:05]} a3 {[%clk
00:35:58]} {[%emt 00:00:12]} 40. bxa3 {[%clk 00:54:06]} {[%emt 00:00:13]} Kb6
{[%clk 00:36:08]} {[%emt 00:00:20]} 41. h4 {[%clk 00:54:24]} {[%emt 00:00:12]}
Kc5 {[%clk 00:36:26]} {[%emt 00:00:13]} 42. h5 {[%clk 00:54:49]} {[%emt
00:00:04]} Kd5 {[%clk 00:36:51]} {[%emt 00:00:05]} 43. h6 {[%clk 00:55:15]}
{[%emt 00:00:04]} Ke5 {[%clk 00:36:37]} {[%emt 00:00:45]} 44. h7 {[%clk
00:55:40]} {[%emt 00:00:04]} Kd5 {[%clk 00:36:53]} {[%emt 00:00:14]} 45. h8=Q
{[%emt 00:00:07]} Kc5 {[%clk 00:37:08]} {[%emt 00:00:15]} 46. Qd4+ {[%clk
00:56:28]} {[%emt 00:00:06]} Kc6 {[%clk 00:37:14]} {[%emt 00:00:24]} 47. Qe5
{[%clk 00:56:50]} {[%emt 00:00:06]} Kb6 {[%clk 00:36:45]} {[%emt 00:01:00]} 48.
Qb5+ {[%clk 00:57:05]} {[%emt 00:00:14]} Kc7 {[%clk 00:36:51]} {[%emt
00:00:24]} 49. Qa6 {[%clk 00:57:06]} {[%emt 00:00:28]} Kd7 {[%clk 00:37:04]}
{[%emt 00:00:18]} 50. Bf5+ {[%clk 00:57:24]} {[%emt 00:00:12]} Kc7 {[%clk
00:37:19]} {[%emt 00:00:16]} 51. a4 {[%clk 00:57:45]} {[%emt 00:00:08]} Kd8
{[%clk 00:37:33]} {[%emt 00:00:16]} 52. Qb7 {[%clk 00:58:06]} {[%emt 00:00:09]}
Ke8 {[%clk 00:37:48]} {[%emt 00:00:15]} 53. Qd7+ {[%clk 00:58:29]} {[%emt
00:00:06]} Kf8 {[%clk 00:37:42]} {[%emt 00:00:37]} 54. Kf6 {[%clk 00:58:47]}
{[%emt 00:00:12]} Kg8 {[%clk 00:37:48]} {[%emt 00:00:25]} 55. Qg7# {[%clk
00:58:42]} {[%emt 00:00:04]} 1-0

[Event "DVM U12 2024"]
[Site "Heidelberg GER"]
[Date "2024.12.27"]
[Round "1"]
[White "Liu, Zichen"]
[Black "Vu, Khoi Nguyen"]
[Result "1-0"]
[Termination "normal"]
[Board "7.3"]
[WhiteElo "1563"]
[BlackElo "1730"]
[WhiteClock "00:23:01"]
[BlackClock "00:45:33"]
[WhiteTeam "SK Bebenhausen 1992"]
[BlackTeam "TSG Oberschöneweide"]
[PlyCount "59"]
[WhiteFideId "34659366"]
[BlackFideId "34605088"]
[EventCountry "GER"]
[EventRounds "7"]
[EventType "team-swiss"]
[EventDate "2024.12.26"]

1. e4 {[%clk 01:30:57]} {[%emt 00:00:03]} e5 {[%clk 01:30:46]} {[%emt
00:00:14]} 2. Nf3 {[%clk 01:30:57]} {[%emt 00:00:30]} Nc6 {[%clk 01:31:09]}
{[%emt 00:00:08]} 3. Bc4 {[%clk 01:30:51]} {[%emt 00:00:36]} Bc5 {[%clk
01:31:29]} {[%emt 00:00:11]} 4. c3 {[%clk 01:30:36]} {[%emt 00:00:44]} Nf6
{[%clk 01:31:52]} {[%emt 00:00:07]} 5. d4 {[%clk 01:30:11]} {[%emt 00:00:55]}
exd4 {[%clk 01:32:14]} {[%emt 00:00:08]} 6. cxd4 {[%clk 01:29:45]} {[%emt
00:00:57]} Bb4+ {[%clk 01:32:19]} {[%emt 00:00:23]} 7. Bd2 {[%clk 01:29:32]}
{[%emt 00:00:44]} Bxd2+ {[%clk 01:31:49]} {[%emt 00:01:00]} 8. Nbxd2 {[%clk
01:29:04]} {[%emt 00:00:57]} d5 {[%clk 01:29:29]} {[%emt 00:02:50]} 9. exd5
{[%clk 01:26:56]} {[%emt 00:02:38]} Nxd5 {[%clk 01:29:22]} {[%emt 00:00:37]}
10. Qb3 {[%clk 01:24:47]} {[%emt 00:02:40]} Na5 {[%clk 01:25:56]} {[%emt
00:03:54]} 11. Qa4+ {[%clk 01:22:38]} {[%emt 00:02:41]} c6 {[%clk 01:24:32]}
{[%emt 00:01:55]} 12. Bxd5 {[%clk 01:20:15]} {[%emt 00:02:52]} Qxd5 {[%clk
01:24:50]} {[%emt 00:00:13]} 13. O-O {[%clk 01:18:14]} {[%emt 00:02:31]} O-O
{[%clk 01:25:06]} {[%emt 00:00:14]} 14. Rfe1 {[%clk 01:12:19]} {[%emt
00:06:23]} b6 {[%clk 01:23:11]} {[%emt 00:02:27]} 15. Rac1 {[%clk 01:08:44]}
{[%emt 00:04:04]} Qb5 {[%clk 01:13:05]} {[%emt 00:10:34]} 16. Qxb5 {[%clk
00:58:51]} {[%emt 00:10:25]} cxb5 {[%clk 01:13:28]} {[%emt 00:00:07]} 17. Re5
{[%clk 00:50:40]} {[%emt 00:08:41]} Bd7 {[%clk 01:11:25]} {[%emt 00:02:32]} 18.
Rc7 {[%clk 00:41:47]} {[%emt 00:09:24]} Rad8 {[%clk 00:50:41]} {[%emt
00:21:12]} 19. d5 {[%emt 00:13:52]} Rfe8 {[%clk 00:42:16]} {[%emt 00:08:43]}
20. Rxd7 {[%clk 00:28:38]} {[%emt 00:00:31]} Rc8 {[%clk 00:42:37]} {[%emt
00:00:10]} 21. Rxe8+ {[%clk 00:28:18]} {[%emt 00:00:49]} Rxe8 {[%clk 00:42:54]}
{[%emt 00:00:13]} 22. Rxa7 {[%clk 00:27:09]} {[%emt 00:01:39]} Rc8 {[%clk
00:42:58]} {[%emt 00:00:25]} 23. h3 {[%clk 00:26:47]} {[%emt 00:00:52]} Rd8
{[%clk 00:43:15]} {[%emt 00:00:14]} 24. d6 {[%clk 00:27:05]} {[%emt 00:00:12]}
g6 {[%clk 00:43:41]} {[%emt 00:00:04]} 25. d7 {[%clk 00:24:00]} {[%emt
00:03:35]} Nc6 {[%clk 00:44:09]} {[%emt 00:00:02]} 26. Rc7 {[%clk 00:23:26]}
{[%emt 00:01:03]} Nb8 {[%clk 00:44:37]} {[%emt 00:00:03]} 27. Rc8 {[%clk
00:23:40]} {[%emt 00:00:16]} Nc6 {[%clk 00:44:44]} {[%emt 00:00:22]} 28. Ne5
{[%clk 00:22:50]} {[%emt 00:01:20]} Kf8 {[%clk 00:45:12]} {[%emt 00:00:03]} 29.
Nxc6 {[%clk 00:22:50]} {[%emt 00:00:30]} Rxc8 {[%clk 00:45:33]} {[%emt
00:00:09]} 30. dxc8=Q+ {[%clk 00:23:01]} {[%emt 00:00:30]} 1-0

[Event "DVM U12 2024"]
[Site "Heidelberg GER"]
[Date "2024.12.27"]
[Round "1"]
[White "Hantke, Karl"]
[Black "Midianyi, Matvii"]
[Result "1-0"]
[Termination "normal"]
[Board "7.4"]
[WhiteElo "1624"]
[BlackElo "1240"]
[WhiteClock "01:20:48"]
[BlackClock "00:45:26"]
[WhiteTeam "TSG Oberschöneweide"]
[BlackTeam "SK Bebenhausen 1992"]
[PlyCount "31"]
[WhiteFideId "34640827"]
[BlackFideId "34160329"]
[EventCountry "GER"]
[EventRounds "7"]
[EventType "team-swiss"]
[EventDate "2024.12.26"]

1. e4 {[%clk 01:30:42]} {[%emt 00:00:17]} e5 {[%clk 01:30:17]} {[%emt
00:00:43]} 2. Nf3 {[%clk 01:31:02]} {[%emt 00:00:09]} Nc6 {[%clk 01:29:29]}
{[%emt 00:01:19]} 3. d4 {[%clk 01:31:20]} {[%emt 00:00:12]} f6 {[%clk
01:27:26]} {[%emt 00:02:33]} 4. dxe5 {[%clk 01:30:58]} {[%emt 00:00:52]} fxe5
{[%clk 01:23:59]} {[%emt 00:03:58]} 5. Bc4 {[%clk 01:29:27]} {[%emt 00:02:00]}
Nf6 {[%clk 01:21:00]} {[%emt 00:03:30]} 6. O-O {[%clk 01:27:30]} {[%emt
00:02:27]} Bc5 {[%clk 01:15:00]} {[%emt 00:06:31]} 7. Nc3 {[%clk 01:27:13]}
{[%emt 00:00:46]} d6 {[%clk 01:08:52]} {[%emt 00:06:37]} 8. Bg5 {[%clk
01:24:50]} {[%emt 00:02:53]} h6 {[%clk 01:06:00]} {[%emt 00:03:24]} 9. Bh4
{[%clk 01:21:59]} {[%emt 00:03:20]} g5 {[%clk 01:03:00]} {[%emt 00:03:30]} 10.
Nxg5 {[%clk 01:19:01]} {[%emt 00:03:28]} hxg5 {[%clk 00:55:42]} {[%emt
00:07:49]} 11. Bxg5 {[%clk 01:19:19]} {[%emt 00:00:12]} Qe7 {[%clk 00:54:56]}
{[%emt 00:01:14]} 12. Nd5 {[%clk 01:19:26]} {[%emt 00:00:25]} Qh7 {[%clk
00:54:42]} {[%emt 00:00:43]} 13. Nxf6+ {[%clk 01:19:51]} {[%emt 00:00:06]} Kf8
{[%clk 00:54:36]} {[%emt 00:01:13]} 14. Nxh7+ {[%clk 01:20:38]} {[%emt
00:00:08]} Rxh7 {[%clk 00:48:04]} {[%emt 00:07:01]} 15. Qd5 {[%clk 01:21:01]}
{[%emt 00:00:08]} Nd4 {[%clk 00:45:26]} {[%emt 00:03:08]} 16. Qg8# {[%clk
01:20:48]} {[%emt 00:00:12]} 1-0